000 01809nam a22001577a 4500
041 _aukr
080 _a09
090 _bКУН
100 _aКуніцька І.Г.
245 _aЛексичні одиниці як засіб формування формування мовної картини нації та індивіда зокрема
260 _aОстрог
_bКАФ
_c2007
300 _a67
520 _aВступ Розділ 1. Процес формування соціальної особистості. 1.1. Мова як засіб спілкування. 1.2. Соціалізація та етнізація індивіда. 1.3. Етнокультурний компонент слова. Розділ 2. Етнічні особливості мовних картин. 2.1. Смислові категорії як абстрактний рівень мовної картини світу. 2.2. Роль семантичних асоціацій у формуванні словникового складу мови. Розділ 3. Лексеми як відображення національного характеру, культури та бачення світу. 3.1. Культурні концепти як невідємна частина повсякденної комунікації певного етносу. 3.2. Концепти "серце" і "душа" у словянській моделі етнічної особистості. 3.3. Лексеми "серце" і "душа" як компоненти англійських, німеьких та українських метафор і фразеологізмів. Висновки.
_0картина світу, мова, серце, душа
650 _aResearch Papers
999 _c283986
_d283986
942 _cBK